|
|
|
|
| LEADER |
00000cab a2200000 ar4500 |
| 001 |
vtls009007602 |
| 003 |
SK-MaSNL |
| 005 |
20260303065450.0 |
| 008 |
070716c2007 xo wr|p|||||||000 ||slo |
| 038 |
|
|
|a PPPK
|
| 040 |
|
|
|a PPPKCL
|b slo
|c PPPK
|e AACR2
|
| 041 |
0 |
|
|a slo
|
| 044 |
|
|
|a xo
|c SK
|
| 080 |
|
|
|a 78.071.2
|x (=214.58)
|2 2001
|
| 080 |
|
|
|a 681.817.1
|2 1997
|
| 100 |
1 |
|
|a Fabianová, Zuzana
|d 1982-
|4 aut
|9 850428
|
| 245 |
1 |
0 |
|a Paľko "Ciaš" je hudobník so srdcom
|c Zuzana Fabianová
|
| 300 |
|
|
|b Fotogr.
|
| 600 |
1 |
7 |
|a Mižigar, Pavol
|2 pppkcl
|9 1065555
|
| 650 |
0 |
7 |
|a husle
|x výroba
|2 pppkcl
|9 1056810
|
| 650 |
0 |
7 |
|a rómski hudobníci
|2 pppkcl
|9 3190
|
| 651 |
|
7 |
|a Rakúsy (Slovensko)
|2 pppkcl
|9 54505
|
| 773 |
0 |
|
|t Tatranský denník Korzár
|g Roč. IX, č. 134 (12.6.2007)
|x 1335-7573
|
| 773 |
0 |
8 |
|t Tatry : regionálna príloha denníka Korzár
|g S. 8
|
| 852 |
|
|
|a PPPK
|b KIS3GCP
|
| 856 |
|
|
|u www.korzar.sk
|
| 958 |
|
|
|a RQ
|
| 999 |
|
|
|c 1751286
|d 1753216
|